00579nam a22001817a 4500003000900000005001700009008004100026040003300067041000800100080001200108100002200120110001700142245003100159246011600190260005800306300002500364650000800389LK-CoDNM20250123145902.0250123b |||||||| |||| 00| 0 eng d aLK-CoDNMdLK-CoDNMeLK-CoDNM aeng a13bE28 aPhillips, John C. aCastle, W.E. aPiebald Rats and Selection aAn experimental test of the Effectiveness of selection and of the theory of gametic purity in mendelian crosses aWashingtonbCarnegie institution of Washington c1914 a54p. : ill ; 25 cm aRat